Caminos de reconciliación social (Registro nro. 3204)

Detalles MARC
000 -Cabecera
Campo de control interno 00444nam a2200181Ia 4500
005 - Fecha y hora del registro
control field 20260306144903.0
008 - Elementos de Longitud Fija
fixed length control field 260306t1991||||xx |||||||||||||| ||spa||
041 ## - Idioma
Codigo Idioma ESP
082 ## - DEWEY y NOTACIÓN INTERNA
Dewey 261.83
Notación Interna V32
100 ## - AUTOR
Autor denominación Vargas Ruiz de Somocurcio, Fernando
Término de relación autor
245 #0 - TÍTULO DE MATERIAL BIBLIOGRÁFICO
Título Caminos de reconciliación social
260 ## - CIUDAD, EDITORIAL, AÑO
Año 1991
300 ## - DESCRIPCIÓN
N° Páginas 110 páginas :
Dimensiones 18 cm.
650 ## - TEMAS
Temas Generalidades
654 ## - PROGRAMAS
Programa Dpto. de Humanidades
942 ## - ELEMENTOS DE KOHA
Tipo de documento Libro
Nombre del creador Justo Noguera
Código de catalogador Justo Noguera
Esquema de clasificación Dewey Decimal Classification
Suppress in OPAC
Existencias
Codigo completo Registro Colección Copia número Disponibilidad Tipo de préstamo Biblioteca Actual Procedencia (Biblioteca) Ubicacón Fecha Ingreso Tipo de Adquisición Date last seen Total checkouts Price effective from Tipo de Item Estado del Material Fuente de Clasificación Damaged status Withdrawn status
261.83 V32 U0000151 Universidad Católica San Pablo 2 Disponible Disponible Víctor Andrés Belaunde Víctor Andrés Belaunde Planta baja abierta 03/06/2026 Compra 06/03/2026   06/03/2026 Libro Bueno Dewey Decimal Classification